000 00282nam a22001337a 4500
008 170418b xxu||||| |||| 00| 0 eng d
020 _a9780697340795
041 _aeng
080 _26TH
_a573
100 _a11
101 _aSHM
245 _aBIOLOGY
_cMADER, S.S
942 _2udc
_cBK
999 _c10991
_d10991